000 00879nas a2200277 4500
001 BR2015004509
003 BR-BrBNA
005 20231205125613.0
007 ta
008 230509b bl.|||p| |||| 00| 00por d
040 _aBR-BrBNA
_bpor
_cBiblioteca Nacional de Agricultura
041 _a(Pt)
072 _aP10
100 1 _aFerreira, K.C.D.
100 1 _aLopes, F.B.
100 1 _aAndrade, E.M. de
100 1 _aMeireles, A.C.M.
100 1 _aSilva, G.S. da
245 1 _aAdaptação do índice de qualidade de água da National Sanitation Foundation ao semiárido brasileiro
650 _aRESERVATÓRIO DE ÁGUA
650 _aQUALIDADE
650 _aANÁLISE QUÍMICA
773 0 _tRevista Ciência Agronômica (Brazil)
_xISSN 0045-6888
_g(Apr-Jun 2015), v. 46(2) p. 277-286
_wBR2015004509
909 _a202311
_bLúcia
_c55
_dLúcia Elande
942 _2AGRIS
_n0
_cANA
999 _c245143
_d245143